Aprendizaje de habilidades para la vida en el espacio de programas de incidencia en la comunidad (informe de realización, bibliografía de 118 títulos y análisis de 150 proyectos a nivel América Latina).

-д хадгалсан:
Номзүйн дэлгэрэнгүй
Үндсэн зохиолч: Narro Rodríguez, Luis (autor)
Бусад зохиолчид: Flores Borrayo, Guillermina (autor) (autor)
Формат: Ном
Хэл сонгох:испани
Нөхцлүүд:
Шошгууд: Шошго нэмэх
Шошго байхгүй, Энэхүү баримтыг шошголох эхний хүн болох!

MARC

LEADER 00000cam^a2200000uu^4500
001 000469350
005 20250521000000.0
008 050901s1990^^^^^^^^^^^^rt^r^^000^0^spa^d
009 20260310124534.33
035 |a FCE 000012105 
035 |a FCE 009183 
037 |a Acervo ITESO - Biblioteca 
041 |a spa 
082 0 4 |a 370.1933  |b NARap 
100 |a Narro Rodríguez, Luis  |e (autor) 
245 1 0 |a Aprendizaje de habilidades para la vida en el espacio de programas de incidencia en la comunidad (informe de realización, bibliografía de 118 títulos y análisis de 150 proyectos a nivel América Latina). 
264 |a México :  |b CEE,  |c 1990. 
300 |a [pág. varía]. 
336 |a texto  |b txt  |2 rdacontenido 
337 |a sin mediación  |b n  |2 rdamedio 
338 |a volumen  |b nc  |2 rdasoporte 
649 |a XX 
650 |a Desarrollo Comunitario 
650 |a Aprendizaje 
650 |a Habilidad 
650 |a Desarrollo de habilidades 
650 |a Programa comunitario 
650 |a América Latina 
700 |a Flores Borrayo, Guillermina  |e (autor) 
910 |a Fondo Centro de Estudios Educativos 
920 |a Impresos - Libros 
930 |a Fondos Especiales 
905 |a 133 
901 |a ALE009183  |b IT2  |c CEE  |u 20250521 
902 |a https://opac.biblio.iteso.mx/vufind/Record/000469350